<?xml version="1.0" encoding="UTF-8"?>
<record
    xmlns:xsi="http://www.w3.org/2001/XMLSchema-instance"
    xsi:schemaLocation="http://www.loc.gov/MARC21/slim http://www.loc.gov/standards/marcxml/schema/MARC21slim.xsd"
    xmlns="http://www.loc.gov/MARC21/slim">

  <leader>01127nam2a22002411  4500</leader>
  <controlfield tag="001">v19\rc\1796695</controlfield>
  <controlfield tag="005">20250619081912.0</controlfield>
  <datafield tag="035" ind1=" " ind2=" ">
    <subfield code="a">(NLR Aleph) 004887172</subfield>
  </datafield>
  <datafield tag="090" ind1=" " ind2=" ">
    <subfield code="a">5232071</subfield>
    <subfield code="c">5232071</subfield>
  </datafield>
  <datafield tag="100" ind1=" " ind2=" ">
    <subfield code="a">20061204d1905    |||y0rusy50      ca</subfield>
  </datafield>
  <datafield tag="101" ind1="0" ind2=" ">
    <subfield code="a">rus</subfield>
  </datafield>
  <datafield tag="102" ind1=" " ind2=" ">
    <subfield code="a">RU</subfield>
  </datafield>
  <datafield tag="105" ind1=" " ind2=" ">
    <subfield code="a">a   z   |||||</subfield>
  </datafield>
  <datafield tag="200" ind1="0" ind2=" ">
    <subfield code="a">... &#x437;&#x430; 1903 &#x433;&#x43E;&#x434;</subfield>
  </datafield>
  <datafield tag="210" ind1=" " ind2=" ">
    <subfield code="d">1905</subfield>
    <subfield code="a">&#x411;. &#x43C;.</subfield>
  </datafield>
  <datafield tag="215" ind1=" " ind2=" ">
    <subfield code="a">[3], 454 &#x441;., 4 &#x43B;. &#x438;&#x43B;., &#x442;&#x430;&#x431;&#x43B;.</subfield>
    <subfield code="c">&#x438;&#x43B;.</subfield>
  </datafield>
  <datafield tag="461" ind1=" " ind2="0">
    <subfield code="1">001v19\rc\1796694</subfield>
    <subfield code="1">2001#$a&#x420;&#x430;&#x431;&#x43E;&#x442;&#x44B; &#x410;&#x433;&#x440;&#x43E;&#x43D;&#x43E;&#x43C;&#x438;&#x447;&#x435;&#x441;&#x43A;&#x43E;&#x439; &#x43E;&#x440;&#x433;&#x430;&#x43D;&#x438;&#x437;&#x430;&#x446;&#x438;&#x438; &#x43F;&#x43E; &#x422;&#x43E;&#x431;&#x43E;&#x43B;&#x44C;&#x441;&#x43A;&#x43E;&#x439; &#x433;&#x443;&#x431;&#x435;&#x440;&#x43D;&#x438;&#x438;...$f&#x41C;-&#x432;&#x43E; &#x437;&#x435;&#x43C;. &#x438; &#x433;&#x43E;&#x441;. &#x438;&#x43C;&#x443;&#x449;&#x435;&#x441;&#x442;&#x432;. &#x414;&#x435;&#x43F;. &#x437;&#x435;&#x43C;.$v... &#x437;&#x430; 1903 &#x433;&#x43E;&#x434;</subfield>
    <subfield code="9">5232065</subfield>
    <subfield code="a">&#x422;&#x43E;&#x431;&#x43E;&#x43B;&#x44C;&#x441;&#x43A;&#x430;&#x44F; &#x433;&#x443;&#x431;. &#x430;&#x433;&#x440;&#x43E;&#x43D;&#x43E;&#x43C;&#x438;&#x447;&#x435;&#x441;&#x43A;&#x430;&#x44F; &#x43E;&#x440;&#x433;&#x430;&#x43D;&#x438;&#x437;&#x430;&#x446;&#x438;&#x44F;</subfield>
    <subfield code="c">&#x422;&#x43E;&#x43C;&#x441;&#x43A;</subfield>
    <subfield code="d">1905</subfield>
    <subfield code="f">&#x41C;-&#x432;&#x43E; &#x437;&#x435;&#x43C;. &#x438; &#x433;&#x43E;&#x441;. &#x438;&#x43C;&#x443;&#x449;&#x435;&#x441;&#x442;&#x432;. &#x414;&#x435;&#x43F;. &#x437;&#x435;&#x43C;.</subfield>
    <subfield code="t">&#x420;&#x430;&#x431;&#x43E;&#x442;&#x44B; &#x410;&#x433;&#x440;&#x43E;&#x43D;&#x43E;&#x43C;&#x438;&#x447;&#x435;&#x441;&#x43A;&#x43E;&#x439; &#x43E;&#x440;&#x433;&#x430;&#x43D;&#x438;&#x437;&#x430;&#x446;&#x438;&#x438; &#x43F;&#x43E; &#x422;&#x43E;&#x431;&#x43E;&#x43B;&#x44C;&#x441;&#x43A;&#x43E;&#x439; &#x433;&#x443;&#x431;&#x435;&#x440;&#x43D;&#x438;&#x438;...</subfield>
    <subfield code="v">... &#x437;&#x430; 1903 &#x433;&#x43E;&#x434;</subfield>
  </datafield>
  <datafield tag="801" ind1=" " ind2="0">
    <subfield code="a">RU</subfield>
    <subfield code="b">NLR</subfield>
    <subfield code="g">psbo</subfield>
  </datafield>
  <datafield tag="801" ind1=" " ind2="0">
    <subfield code="a">RU</subfield>
    <subfield code="b">RuMoRGB</subfield>
    <subfield code="2">psbo</subfield>
  </datafield>
  <datafield tag="801" ind1=" " ind2="1">
    <subfield code="a">RU</subfield>
    <subfield code="b">ProSoft-M</subfield>
    <subfield code="2">rusmarc</subfield>
  </datafield>
  <datafield tag="852" ind1=" " ind2=" ">
    <subfield code="a">NLR</subfield>
    <subfield code="b">&#x412;&#x42D;&#x41E;</subfield>
    <subfield code="j">36&#x431;101</subfield>
  </datafield>
  <datafield tag="942" ind1=" " ind2=" ">
    <subfield code="c">BOOK</subfield>
  </datafield>
  <datafield tag="980" ind1=" " ind2=" ">
    <subfield code="a">NB</subfield>
  </datafield>
  <datafield tag="995" ind1=" " ind2=" ">
    <subfield code="5">2013-10-26</subfield>
    <subfield code="b">NLR02</subfield>
    <subfield code="c">NLR02</subfield>
    <subfield code="e">RFS</subfield>
    <subfield code="f">4887172-10</subfield>
    <subfield code="k">&#x412;&#x42D;&#x41E; 36&#x431;101</subfield>
    <subfield code="o">0</subfield>
    <subfield code="r">BOOK</subfield>
    <subfield code="s">_36101</subfield>
  </datafield>
</record>
